Lễ tân công cụ giao tiếp (sách tham khảo)
Spremljeno u:
| Glavni autor: | |
|---|---|
| Format: | Knjiga |
| Izdano: |
H.
Chính trị Quốc gia sự thật
2013
|
| Izdanje: | tái bản lần 2 |
| Oznake: |
Dodaj oznaku
Bez oznaka, Budi prvi tko označuje ovaj zapis!
|
| Thư viện lưu trữ: | Trung tâm Học liệu Lê Vũ Hùng, Trường Đại học Đồng Tháp |
|---|
| LEADER | 00677pam a22001818a 4500 | ||
|---|---|---|---|
| 001 | 00038363 | ||
| 005 | 20171026081023.0 | ||
| 008 | 170515s2013 ||||||Viesd | ||
| 041 | 0 | # | |a Vie |
| 082 | 1 | 4 | |a 327.3 |b L205T |
| 100 | 1 | # | |a Dussault, Louis |
| 245 | 1 | 0 | |a Lễ tân công cụ giao tiếp |b (sách tham khảo) |c Louis Dussault, Lê Hồng Phấn [những người khác ...dịch] |
| 250 | # | # | |a tái bản lần 2 |
| 260 | # | # | |a H. |b Chính trị Quốc gia sự thật |c 2013 |
| 300 | # | # | |a 293tr. |c 20.5 cm |
| 852 | # | # | |b Kho đọc |j KD.1001461 |
| 910 | |d 15/05/2017 | ||
| 980 | # | # | |a Trung tâm Học liệu Lê Vũ Hùng, Trường Đại học Đồng Tháp |